One Piece - Top 10 des personnages avec l'histoire la plus triste - Statistiques

Statistiques générales
  • Ce quiz a été pris 193 fois
  • Le résultat moyen est 6 sur 10
Statistiques - réponses
Place Personnage % Correct
🥈 Nico Robin
93%
4ème Vinsmoke Sanji
86%
7ème Nami
80%
🥉 Trafalgar D. Water Law
78%
6ème Tony Tony chopper
75%
🏅 Bartholomew Kuma
72%
8ème Boa Hancock
33%
10ème Señor Pink
31%
5ème Rebecca
19%
9ème Don Quichotte Rossinante
4%
Aucun quiz correspondant
Distribution des résultats
% des personnes avec chaque résultat
Percentile par nombre de réponses
Votre historique - résultats
Vous n’avez pas pris ce quiz